000 00662nam a2200289Ia 4500
005 20260324133247.0
008 008 260324s9999 xx 000 0 eng d
020 _a9780429221101
037 _aEBOOK
040 _aCRL
040 _beng
040 _cCRL
041 _2eng
041 _aeng
084 _qCRL
100 _aAndre Menez
_91192411
245 4 _aThe Subtle Beast
245 0 _bSnakes, From Myth to Medicine
260 _bTaylor and Francis
260 _c2003
365 _a
365 _b225
856 _uhttp://www.taylorfrancis.com/books/9780429221101
942 _cEBOOK
999 _c1791296
_d1791296